00674nam a2200229Ia 4500003000900000008004100009040001300050040001300063041000800076100002800084245002200112250001100134260001400145260000900159300001100168300001000179490002800189490000600217942000700223999001700230952019700247IT-RoPAU120407s9999 xx 000 0 und d aIT-RoPAU cIT-RoPAU aita aHans Urs von Balthasar  aSperare per tutti aMilano aJaca Book c1988 a137 p. c23 cm aGià e non ancora, 165 v1 cBK c25453d25453 00102ddc406236_34000000000000071aPAULUSbPAULUSd2012-04-11l0o236.34r2012-04-11 00:00:00w2012-04-11yBKzInserito da: Carla In data: 24 ottobre 2011 fondo: Via A.Severo 56 Progr:33206